| 000 -LEADER |
| fixed length control field |
01437pab a2200193 454500 |
| 008 - FIXED-LENGTH DATA ELEMENTS--GENERAL INFORMATION |
| fixed length control field |
180718b2002 xxu||||| |||| 00| 0 eng d |
| 100 ## - MAIN ENTRY--PERSONAL NAME |
| Personal name |
Mozaffar, Shaheen |
| 245 ## - TITLE STATEMENT |
| Title |
The comparative study of electoral governance - Introduction |
| 260 ## - PUBLICATION, DISTRIBUTION, ETC. |
| Date of publication, distribution, etc. |
2002 |
| 300 ## - PHYSICAL DESCRIPTION |
| Extent |
p.5-27. |
| 362 ## - DATES OF PUBLICATION AND/OR SEQUENTIAL DESIGNATION |
| Dates of publication and/or sequential designation |
Jan |
| 520 ## - SUMMARY, ETC. |
| Summary, etc. |
Electoral governance is a crucial variable in securing the credibility of elections in emerging democracies, but remains largely ignored in the comparative study of democratization. This article develops some basic analytical tools to advance comparative analysis and understanding of this neglected topic. It conceptualizes electoral governance as a set of related activities that involves rule making, rule application, and rule adjudication. it identifies the provision of procedural certainty to secure the substantive uncertainty of democratic elections as the principal task of electoral governance. It argues that electoral governance, while socially and institutionally embedded, matters most during the indeteminate conditions that typically attend democratization. Finally, it outlines, a research agenda that covers the comparative study of the structures as well as the processes of electoral governance. - Reproduced. |
| 650 ## - SUBJECT ADDED ENTRY--TOPICAL TERM |
| Topical term or geographic name entry element |
Democracy |
| 650 ## - SUBJECT ADDED ENTRY--TOPICAL TERM |
| Topical term or geographic name entry element |
Public administration |
| 650 ## - SUBJECT ADDED ENTRY--TOPICAL TERM |
| Topical term or geographic name entry element |
Elections |
| 700 ## - ADDED ENTRY--PERSONAL NAME |
| Personal name |
Schedler, Andreas |
| 773 ## - HOST ITEM ENTRY |
| Main entry heading |
International Political Science Review |
| 909 ## - |
| -- |
54588 |